Physics of formationa of FeII lines outside LTE (Record no. 9197)

MARC details
000 -LEADER
fixed length control field 01186nam a2200253Ia 4500
003 - CONTROL NUMBER IDENTIFIER
control field IN-BaIIA
008 - FIXED-LENGTH DATA ELEMENTS--GENERAL INFORMATION
fixed length control field 211028s9999 xx 000 0 eng d
020 ## - INTERNATIONAL STANDARD BOOK NUMBER
International Standard Book Number 90-277-2626-4
040 ## - CATALOGING SOURCE
Transcribing agency IIA Library
080 ## - UNIVERSAL DECIMAL CLASSIFICATION NUMBER
Universal Decimal Classification number 52(082.1)
Item number ASS-138
100 ## - MAIN ENTRY--PERSONAL NAME
Personal name Viotti, Roberto
9 (RLIN) 15444
111 ## - MAIN ENTRY--MEETING NAME
Meeting name or jurisdiction name as entry element Colloquium of the International Astronomical Union on Physics of Formationa of FeII Lines Outside LTE
Number of part/section/meeting 94th
Location of meeting Anacapri, Capri Island
Date of meeting or treaty signing 1986 July 4-8
9 (RLIN) 15445
245 #0 - TITLE STATEMENT
Title Physics of formationa of FeII lines outside LTE
Remainder of title proceedings of the 94th colloquium of the International Astronomical Union on physics of formationa of FeII lines outside LTE, held in Anacapri, Capri Island, 4-8 July 1986
Statement of responsibility, etc. Roberto Viotti, Albertoand Vittone, Michael Friedjung
260 ## - PUBLICATION, DISTRIBUTION, ETC.
Place of publication, distribution, etc. Dordrecht
Name of publisher, distributor, etc. D. Reidel Publishing
Date of publication, distribution, etc. 1988
300 ## - PHYSICAL DESCRIPTION
Extent xiii, 349p.
490 ## - SERIES STATEMENT
Series statement Astrophysics and space science library; v. 138
650 ## - SUBJECT ADDED ENTRY--TOPICAL TERM
Topical term or geographic name entry element Astronomical spectroscopy
9 (RLIN) 1729
650 ## - SUBJECT ADDED ENTRY--TOPICAL TERM
Topical term or geographic name entry element Astronomy and Astrophysics Thesaurus
650 ## - SUBJECT ADDED ENTRY--TOPICAL TERM
Topical term or geographic name entry element Astrophysics
9 (RLIN) 794
650 ## - SUBJECT ADDED ENTRY--TOPICAL TERM
Topical term or geographic name entry element Fe II Lines
9 (RLIN) 15446
700 ## - ADDED ENTRY--PERSONAL NAME
Personal name Friedjung, Michael.,
9 (RLIN) 15447
700 ## - ADDED ENTRY--PERSONAL NAME
Personal name Vittone, Alberto
9 (RLIN) 15448
942 ## - ADDED ENTRY ELEMENTS (KOHA)
Koha item type Books
Holdings
Withdrawn status Lost status Damaged status Not for loan Home library Current library Shelving location Date acquired Cost, normal purchase price Total Checkouts Full call number Barcode Date last seen Cost, replacement price Price effective from Koha item type Purchase Price
        IIA Library-Bangalore IIA Library-Bangalore General Stacks   1185.00   52(082.1)/ ASS-138 10103 05/11/2021 1185.00   Books Rs. 1185

Powered by Koha